O gatinho travesso (Registo nº 2464)

Detalhes MARC
000 -Etiqueta do registo
Cabeçalho 00796nam a22002651 4500
005 - Identificador da versão
Campo de controlo 20240827155352.0
010 ## - Número internacional normalizado dos livros (ISBN)
Número (ISBN) 9720715928
021 ## - Número do Depósito Legal
Código do país PT
Número 215177/04
100 ## - Dados gerais de processamento
Dados gerais de processamento 20070626d2004 b y0pory5003 ba
101 1# - Língua de publicação
Língua do texto, banda sonora, etc. Português
Língua do documento no original Inglês
102 ## - Pais de publicação ou produção
País de publicação Portugal
105 ## - Campo de dados codificados: livros
Dados codificados dos livros a z 000zy
106 ## - Campo de dados codificados: material textual
Dados codificados do material textual r
200 1# - Titulo e menção de responsabilidade
Título próprio O gatinho travesso
Informação de outro título uma aventura para tocar e sentir
Primeira menção de responsabilidade il. Lisa Alderson
Outras menções de responsabilidade ed. lit. Porto Editora
210 ## - Publicação, Distribuição, etc. 
Lugar da edição, distribuição, etc. Porto
Nome do editor, distribuidor, etc. Porto Editora
Data da publicação, distribuição, etc. cop. 2004
215 ## - Descrição física 
Indicação específica da natureza do documento e extensão da espécie [14] p.
Outras indicações físicas todo il.
Dimensões 24 cm
225 2# - Colecção 
Título próprio da colecção Mundo mágico
Informação de outro título da colecção  Animais fofinhos
Indicação de volume 1
304 ## - Notas relativas a título e menção de responsabilidade 
Texto da nota Tít. orig.: Naughty kitten
606 ## - Nome comum usado como assunto
Número de registo de entrada de autoridade 0000001
Palavra de ordem Literatura estrangeira infantil
Subdivisão de assunto Conto
675 ## - Classificação Decimal Universal (CDU)
Notação 82-34
Edição
Língua da edição por
702 #1 - Nome de autor-pessoa física (responsabilidade secundária)
Número de registo de entrada de autoridade 0001276
Palavra de ordem Alderson
Outra parte do nome não tomada para palavra de ordem Lisa
Código de função Ilustrador / Técnico de desenho computorizado
712 #2 - Nome de colectividade-autor (responsabilidade secundária)
Número de registo de entrada de autoridade 0001277
Palavra de ordem Porto Editora
Código de função Editor literário / Coordenador
942 ## - Elementos de entrada adicionados (Koha)
Tipo de item no Koha Livro
Exemplares
Situação do levantamento Origin of item (home branch) (coded) Biblioteca de empréstimo Código de barras Cota Circulation type (not for loan) Tipo de documento Nota do exemplar Damaged status
  Biblioteca Escolar da Coca Maravilhas Biblioteca Escolar da Coca Maravilhas BECM8161/07 8EST ANI   Livro Sem mensagem